| 000 | 00689nam a22002177a 4500 | ||
|---|---|---|---|
| 999 |
_c20732 _d20732 |
||
| 003 | AR-CdUCM | ||
| 008 | 190318b ||||| |||| 00| 0 spa d | ||
| 040 |
_aMUNICIPALIDAD PROVINCIAL DEL CUSCO _cBIBLIOTECA MUNICIPAL DEL CUSCO |
||
| 041 | _hfre. | ||
| 082 |
_a901.1 / _bL22 |
||
| 100 |
_aLamartine, A. _943297 |
||
| 245 | _aEl civilizador, ó historia de la humanidad por sus grandes hombres / | ||
| 260 |
_aMadrid : _c1860. |
||
| 300 |
_a459 páginas ; _c24cm. |
||
| 500 | _a[libro reempastado] | ||
| 505 | _aContenido :Homero -- Juana de Arco -- Cristobal de Colon -- Sócrates... | ||
| 650 |
_aFrancia _91444 |
||
| 650 |
_aHistoria _9136 |
||
| 942 |
_2ddc _cLIBROS |
||
| 945 | _aAndy | ||